| 000 | nam a22 7a 4500 | ||
|---|---|---|---|
| 999 |
_c15350 _d15350 |
||
| 008 | 161031b xxu||||| |||| 00| 0 eng d | ||
| 020 | _a1929007116 | ||
| 020 | _a9781929007110 | ||
| 050 | _aQM 25 .N48 2003 | ||
| 100 | _aNetter, Frank H. | ||
| 245 |
_aAtlas of Human Anatomy/ _cFrank H. Netter and John T. Hansen |
||
| 250 | _a3rd ed. | ||
| 260 |
_aTeterboro, New Jersey: _bIcon Learning Systems, _c2003 |
||
| 300 |
_a542p. : _bill. ; _c29cm |
||
| 500 | _aIncludes references and index. | ||
| 650 |
_aHuman anatomy. _xAtlases. |
||
| 650 | _aAnatomy. | ||
| 700 | _aHansen, John T. | ||
| 942 |
_2lcc _cBOOKS _hQM 25 .N48 2003 |
||